Skica k portrétu

Podrobná bibliografia
Hlavný autor: Dohnalová, Lýdia (Autor)
Médium: Článok
Jazyk:slovenčina
Fyzický popis:Fotogr. 2
Predmet:

MARC

LEADER 00000nab a2200000 a 4500
001 vtls000641298
003 SK-MaSNL
005 20260304093646.0
008 250425c1997 xo 0 slo
015 |a SNBRB19rr/mm-uuuuu 
035 |a CL0641437 
035 |a urn:nbn:sk:snk-ab208s 
035 |a (urnnbn)urn:nbn:sk:snk:ar-a01cr8 
035 |a (uuid)066eb7c4-806c-42b2-8b83-925835bb9da7 
040 |a SNKBUCL  |b slo  |c SNKBUCL  |e AACR2 
041 0 |a slo 
044 |a xo  |c SK 
080 |a 78.071.1  |2 1981 
080 |a 929 Salva, Tadeáš  |2 1981 
100 1 |a Dohnalová, Lýdia  |4 aut  |9 9297 
245 1 0 |a Skica k portrétu  |c Lýdia Dohnalová 
300 |b Fotogr. 2 
600 1 7 |a Salva, Tadeáš,  |d 1937-1995  |2 snkbucl  |9 110254 
655 7 |a spomienky  |2 snkbucl  |9 29509 
655 7 |a články z novín a časopisov  |2 snkbucl  |9 267496 
773 0 |t Hudobný život '97  |g Roč. 29, č. 22 (1997), s. 5 
850 |a Slovenská národná knižnica 
852 |a Slovenská národná knižnica 
954 |a odborná, vedecká literatúra pôvodná (slovenská)  |2 lita 
958 |a article27 
958 |a OND 
958 |a SK 
958 |a BX 
958 |a RK 
958 |a EUIPO 
992 |a RBX 
999 |c 2824049  |d 2825979